000 00409cam a22001217a 4500
008 180718b1971 xxu||||| |||| 00| 0 eng d
082 _aXA3703x54 52 T152 71
245 _aTamilnadu slum areas ( improvement and clearance) act,1971
_cby Law Department
260 _aMadras
_bTamilnadu Government
_c1971
300 _a33p
650 _aSlumclearance - Tamilnadu - Legislation.
700 _aTamilnadu.Law Department
999 _c414411
_d414411